Normal view
MARC view
- Boundary Commission for England
Entry Corporate Name
001 - CONTROL NUMBER
- control field: 6065
003 - CONTROL NUMBER IDENTIFIER
- control field: OSt
005 - DATE AND TIME OF LATEST TRANSACTION
- control field: 20190806150249.0
008 - FIXED-LENGTH DATA ELEMENTS
- fixed length control field: 120510n| acannaabn |n ana d
040 ## - CATALOGING SOURCE
- Original cataloging agency: OSt
- Transcribing agency: OSt
110 2# - HEADING--CORPORATE NAME
- Corporate name or jurisdiction name as entry element: Boundary Commission for England
670 ## - SOURCE DATA FOUND
- Source citation: Report of the Boundary Commissioners for England and Wales, 1868, 1868